[Event "Zadar op-A 19th"]
[Site "Zadar"]
[Date "2012.12.22"]
[Round "9"]
[White "Zelic, Mladen"]
[Black "Veleski, Robert"]
[Result "1-0"]
[WhiteElo "2291"]
[BlackElo "2311"]
[PlyCount "119"]
[EventDate "2012.12.16"]
[EventType "swiss"]
[EventRounds "9"]
[EventCountry "CRO"]
[SourceTitle "EXT 2014"]
[Source "ChessBase"]
[SourceDate "2013.11.20"]
[SourceVersion "1"]
[SourceVersionDate "2013.11.20"]
[SourceQuality "1"]

1. e4 e5 2. Nf3 Nc6 3. c3 Nf6 4. d4 exd4 5. e5 Nd5 6. Qb3 Nb6 7. cxd4 d5 8. Nc3
Bg4 9. Be3 Be7 10. Be2 Qd7 11. O-O Na5 12. Qc2 Bf5 13. Bd3 Bxd3 14. Qxd3 O-O-O
15. Rfc1 Kb8 16. Bd2 Nac4 17. b3 Nxd2 18. Nxd2 h5 19. a4 Rh6 20. a5 Nc8 21. Na4
Rg6 22. h3 a6 23. Nc5 Bxc5 24. Rxc5 Na7 25. Rac1 Nb5 26. Nb1 c6 27. Nc3 Nc7 28.
Ne2 Ne6 29. R5c2 Ng5 30. Kh2 h4 31. Nc3 f5 32. Na4 Ne4 33. f3 Ng3 34. Nc5 Qc7
35. b4 Ka7 36. b5 axb5 37. a6 b6 38. Nb7 Rc8 39. Kg1 Qe7 40. Nd6 Rxd6 41. exd6
Qxd6 42. Re1 Qb4 43. Qe3 Rc7 44. Qe5 Rf7 45. Rxc6 Kxa6 46. Rxb6+ Kxb6 47. Qe6+
Ka5 48. Ra1+ Qa4 49. Rxa4+ bxa4 50. Qxd5+ Kb4 51. Qxf7 Ne2+ 52. Kf2 Nxd4 53.
Ke3 Nb5 54. Kd3 a3 55. Qxg7 Kb3 56. Qb7 Kb4 57. Qe7+ Kb3 58. Qc5 Ka4 59. Qc4+
Ka5 60. Kc2 1-0

[Event "79. LSS No Engine Cup Preliminary 6"]
[Site "Lechenicher SchachServer"]
[Date "2012.12.22"]
[Round "?"]
[White "Kratky, Josef"]
[Black "Herzog, Klaus"]
[Result "0-1"]
[WhiteElo "1148"]
[BlackElo "1911"]
[PlyCount "48"]
[EventDate "2012.12.23"]

1. e4 e5 2. Nf3 Nc6 3. c3 d5 4. Qa4 Bd7 5. exd5 Nd4 6. Qd1 Nxf3+ 7. Qxf3 Nf6 8.
Bc4 e4 9. Qe2 Bd6 10. d4 O-O 11. Bg5 Re8 12. Nd2 h6 13. Bh4 Bf4 14. Bg3 Bg4 15.
Qf1 Nh5 16. Be2 e3 17. Bxg4 exd2+ 18. Kd1 Re1+ 19. Qxe1 dxe1=Q+ 20. Rxe1 Qxd5
21. Bf3 Qf5 22. Be4 Qd7 23. Kc2 Re8 24. Bxb7 Qf5+ 0-1

[Event "RF-2012-0-00140"]
[Site "Lechenicher SchachServer"]
[Date "2012.12.18"]
[Round "?"]
[White "Kratky, Josef"]
[Black "Luzkay, Luz"]
[Result "0-1"]
[WhiteElo "1148"]
[BlackElo "1242"]
[PlyCount "50"]
[EventDate "2012.11.07"]

1. e4 e5 2. Nf3 Nc6 3. c3 Nf6 4. d4 Nxe4 5. d5 Nb8 6. Nxe5 Qe7 7. Qd4 Nf6 8.
Be3 c5 9. dxc6 Nxc6 10. Nxc6 dxc6 11. Bc4 Qc7 12. Nd2 b5 13. Bb3 c5 14. Qf4 Bd6
15. Qg5 O-O 16. Nf3 Re8 17. O-O h6 18. Qh4 Re4 19. Qxe4 Nxe4 20. Bd5 Bb7 21.
Rad1 Bxd5 22. Rxd5 Nf6 23. Rd2 Ng4 24. Rfd1 Bxh2+ 25. Kh1 Bg3 0-1

[Event "Fast Ladder"]
[Site "http://gameknot.com/chess.pl?"]
[Date "2012.12.17"]
[Round "?"]
[White "kantar13"]
[Black "tmramach"]
[Result "1/2-1/2"]
[WhiteElo "2360"]
[BlackElo "2339"]
[PlyCount "96"]
[EventDate "2012.??.??"]
[SourceTitle "OM Portal C 201906"]
[Source "Opening Master"]
[SourceDate "2019.06.27"]
[SourceVersion "1"]
[SourceVersionDate "2019.06.27"]
[SourceQuality "1"]

1. e4 e5 2. Nf3 Nc6 3. c3 d5 4. Qa4 f6 5. d3 Nge7 6. Be2 Be6 7. O-O Qd7 8. Be3
a6 9. Nbd2 O-O-O 10. Nb3 Ng6 11. exd5 Bxd5 12. d4 Kb8 13. dxe5 fxe5 14. Rfe1
Bxf3 15. gxf3 Nd4 16. Qxd7 Nxe2+ 17. Kf1 Rxd7 18. Kxe2 Rf7 19. Rad1 Be7 20. Rg1
Rf5 21. Rg4 Re8 22. Nd2 Ref8 23. a4 R8f7 24. Rdg1 Rh5 25. R1g2 a5 26. Ne4 Rf8
27. Bd2 b6 28. Be3 Kb7 29. Bd2 Re8 30. Be3 Bd8 31. Bd2 Be7 32. Be3 Rf8 33. Bd2
Kc6 34. Be3 Rh3 35. R4g3 Rh5 36. Rg4 Re8 37. Bd2 Rb8 38. Be3 b5 39. axb5+ Rxb5
40. Bc1 Kd7 41. Kd3 Rb8 42. Ke2 Ke6 43. Ng5+ Kd5 44. Ra4 Bxg5 45. Rxa5+ Ke6 46.
Bxg5 Rxb2+ 47. Kd3 Rb6 48. Rc5 Rd6+ 1/2-1/2

[Event "SVK-chT2D 1213"]
[Site "Slovakia"]
[Date "2012.12.16"]
[Round "6.7"]
[White "Stec, Juraj"]
[Black "Valentik, Roman"]
[Result "0-1"]
[WhiteElo "2009"]
[BlackElo "1784"]
[PlyCount "46"]
[EventDate "2012.10.13"]
[EventType "team-tourn"]
[EventRounds "11"]
[EventCountry "SVK"]
[SourceTitle "EXT 2015"]
[Source "ChessBase"]
[SourceDate "2014.11.20"]
[SourceVersion "1"]
[SourceVersionDate "2014.11.20"]
[SourceQuality "1"]
[WhiteTeam "Kosice Slavia TU IV"]
[BlackTeam "Kosice SK"]
[WhiteTeamCountry "SVK"]
[BlackTeamCountry "SVK"]

1. e4 e5 2. Nf3 Nc6 3. c3 d5 4. Bb5 Bg4 5. Qa4 Bxf3 6. Bxc6+ bxc6 7. Qxc6+ Ke7
8. gxf3 dxe4 9. Qxe4 Nf6 10. Qxe5+ Kd7 11. d4 Bd6 12. Qf5+ Kc6 13. O-O Rb8 14.
Nd2 Rb5 15. Qc2 Rh5 16. Qa4+ Kb7 17. Nc4 Bxh2+ 18. Kg2 Nd5 19. Qb5+ Kc8 20.
Qa6+ Kd7 21. Rh1 Qh4 22. Ne5+ Ke7 23. Ng4 Qh3# 0-1

[Event "corr freechess"]
[Site "freechess.de"]
[Date "2012.12.16"]
[Round "?"]
[White "Hertel, Marco"]
[Black "Bartsch, Reinhard Andrea"]
[Result "0-1"]
[WhiteElo "1913"]
[BlackElo "2001"]
[PlyCount "48"]
[EventDate "2012.??.??"]
[EventType "tourn (corr)"]
[SourceTitle "OM Corr 202003"]
[Source "Opening Master"]
[SourceDate "2019.05.30"]
[SourceVersion "2"]
[SourceVersionDate "2019.05.30"]
[SourceQuality "1"]

1. e4 e5 2. Nf3 Nc6 3. c3 Nf6 4. d4 d6 5. dxe5 Nxe5 6. Nxe5 dxe5 7. Qxd8+ Kxd8
8. f3 Be6 9. Be3 Nd7 10. Nd2 Bc5 11. Bxc5 Nxc5 12. Nc4 Bxc4 13. Bxc4 Ke7 14.
Ke2 Rhd8 15. b4 Na4 16. Rac1 a5 17. Bb3 Nb6 18. bxa5 Rxa5 19. Rhd1 Rxd1 20.
Rxd1 Na4 21. Rd3 g6 22. Kd2 Nc5 23. Rd5 c6 24. Rxe5+ Kf8 0-1

[Event "corr freechess"]
[Site "freechess.de"]
[Date "2012.12.16"]
[Round "?"]
[White "Hertel, Marco"]
[Black "Galuschka, Christian"]
[Result "0-1"]
[WhiteElo "1913"]
[BlackElo "2055"]
[PlyCount "60"]
[EventDate "2012.??.??"]
[EventType "tourn (corr)"]
[SourceTitle "OM Corr 202003"]
[Source "Opening Master"]
[SourceDate "2019.05.30"]
[SourceVersion "2"]
[SourceVersionDate "2019.05.30"]
[SourceQuality "1"]

1. e4 e5 2. Nf3 Nc6 3. c3 Nf6 4. d4 Nxe4 5. d5 Ne7 6. Nxe5 Ng6 7. Qd4 Qf6 8.
Qxe4 Qxe5 9. Qxe5+ Nxe5 10. Bf4 d6 11. Bb5+ Bd7 12. Bxd7+ Kxd7 13. Bxe5 dxe5
14. Nd2 Bd6 15. O-O-O f5 16. f3 b5 17. g4 g6 18. Rhg1 Rhg8 19. Kc2 c6 20. dxc6+
Kxc6 21. c4 a6 22. a3 h5 23. b4 hxg4 24. fxg4 Bc7 25. c5 a5 26. Rdf1 f4 27. Nf3
axb4 28. axb4 Ra2+ 29. Kc3 Rga8 30. Rb1 Rf2 0-1

[Event "Curitiba Oliveira Memorial"]
[Site "Curitiba"]
[Date "2012.12.14"]
[Round "1"]
[White "Born, Ary"]
[Black "Dos Santos, Haroldo Cunha"]
[Result "0-1"]
[WhiteElo "1464"]
[BlackElo "2260"]
[PlyCount "44"]
[EventDate "2012.12.14"]
[EventType "swiss"]
[EventRounds "6"]
[EventCountry "BRA"]
[SourceTitle "CBM 152 Extra"]
[Source "ChessBase"]
[SourceDate "2013.02.25"]
[SourceVersion "1"]
[SourceVersionDate "2013.02.25"]
[SourceQuality "1"]

1. e4 e5 2. Nf3 Nc6 3. c3 Nf6 4. d4 Nxe4 5. d5 Ne7 6. Nxe5 Ng6 7. Qd4 f5 8.
Nxg6 hxg6 9. Be3 Rh4 10. Qd1 Bd6 11. Qb3 Qe7 12. Be2 b6 13. Na3 Bxa3 14. d6
Bxd6 15. Qg8+ Qf8 16. Qxf8+ Kxf8 17. O-O-O Bb7 18. g3 Rh8 19. f3 Nf6 20. Bf4
Bxf4+ 21. gxf4 Re8 22. Rd2 Rxe2 0-1

[Event "SM-2012-0-00231"]
[Site "LSS email"]
[Date "2012.12.13"]
[Round "?"]
[White "Simmelink, Joop Theo"]
[Black "Malashenkov, Alexei"]
[Result "1/2-1/2"]
[WhiteElo "2282"]
[BlackElo "2312"]
[PlyCount "71"]
[EventDate "2012.11.13"]
[EventType "tourn (corr)"]
[EventRounds "6"]
[SourceTitle "OM Corr 202003"]
[Source "Opening Master"]
[SourceDate "2019.05.30"]
[SourceVersion "2"]
[SourceVersionDate "2019.05.30"]
[SourceQuality "1"]

1. e4 e5 2. Nf3 Nc6 3. c3 d5 4. Qa4 f6 5. Bb5 Nge7 6. exd5 Qxd5 7. O-O e4 8. c4
Qd6 9. c5 Qxc5 10. d4 Qd6 11. d5 exf3 12. dxc6 bxc6 13. Bc4 Be6 14. Nc3 Bxc4
15. Qxc4 Nd5 16. Rd1 Kf7 17. Nxd5 cxd5 18. Rxd5 Qe6 19. Rd7+ Be7 20. Qxe6+ Kxe6
21. Rxc7 Rhc8 22. Rb7 Rcb8 23. Rxb8 Rxb8 24. gxf3 a5 25. b3 Ra8 26. Bd2 a4 27.
Re1+ Kf7 28. Rb1 axb3 29. axb3 Ra2 30. Be3 Ra5 31. b4 Rb5 32. Bd2 Bd6 33. f4
Ke6 34. Kg2 Kd5 35. Kf3 g6 36. h4 1/2-1/2

[Event "Budapesti csapatbajnokság, I. osztály"]
[Site "Budapest"]
[Date "2012.12.09"]
[Round "5"]
[White "Kiss, Martin"]
[Black "Palotai, Edgard"]
[Result "1/2-1/2"]
[WhiteElo "1819"]
[BlackElo "1788"]
[PlyCount "71"]
[EventDate "2012.09.30"]
[EventType "tourn"]
[EventRounds "11"]
[EventCountry "HUN"]
[SourceTitle "OM OTB B 201907"]
[Source "Opening Master"]
[SourceDate "2019.07.06"]
[SourceVersion "2"]
[SourceVersionDate "2019.07.06"]
[SourceQuality "1"]

1. e4 e5 2. Nf3 Nc6 3. c3 d6 4. d4 exd4 5. cxd4 Bg4 6. Be2 Bxf3 7. Bxf3 Nge7 8.
O-O g6 9. d5 Ne5 10. Be2 Bg7 11. f4 Nd7 12. Nc3 f5 13. Rb1 O-O 14. Bc4 a6 15.
e5 b5 16. Bb3 Nc5 17. Be3 Nxb3 18. Qxb3 Kh8 19. e6 c6 20. dxc6 Nxc6 21. Rfd1
Re8 22. Qd5 Rc8 23. Qxd6 Qxd6 24. Rxd6 Bf8 25. Rd7 Rxe6 26. Nd5 Bg7 27. Rc1 Kg8
28. Kf2 Rd8 29. Rxd8+ Nxd8 30. Rc8 Rd6 31. Ne7+ Kf7 32. Rc7 Ke8 33. Nc8 Rd7 34.
Nd6+ Ke7 35. Nc8+ Ke8 36. Nd6+ 1/2-1/2

[Event "Oberliga Ost-A 1213"]
[Site "Germany"]
[Date "2012.12.09"]
[Round "4.8"]
[White "Bandt, Jochen"]
[Black "Mueller, Philipp"]
[Result "1-0"]
[WhiteElo "1964"]
[BlackElo "1935"]
[PlyCount "57"]
[EventDate "2012.10.14"]
[EventType "team-tourn"]
[EventRounds "11"]
[EventCountry "GER"]
[SourceTitle "EXT 2014"]
[Source "ChessBase"]
[SourceDate "2013.11.20"]
[SourceVersion "1"]
[SourceVersionDate "2013.11.20"]
[SourceQuality "1"]
[WhiteTeam "Plauen"]
[BlackTeam "Dessau"]
[WhiteTeamCountry "GER"]
[BlackTeamCountry "GER"]

1. e4 e5 2. Nf3 Nc6 3. c3 Nf6 4. d4 exd4 5. e5 Nd5 6. Qb3 Nce7 7. Bc4 c6 8.
cxd4 b5 9. Bd3 a6 10. Nc3 Bb7 11. Ne4 Nc8 12. O-O Be7 13. Bg5 O-O 14. Rac1 Bxg5
15. Nfxg5 g6 16. f4 d6 17. Bb1 Qe7 18. Qh3 f5 19. exd6 Qg7 20. Ne6 Qf7 21. N4g5
Qd7 22. Nc5 Qg7 23. Nge6 Qf7 24. Nxf8 Kxf8 25. d7 Nd6 26. Rfe1 Rb8 27. d8=Q+
Rxd8 28. Ne6+ Ke7 29. Ng5+ 1-0

[Event "SF-2012-0-00181"]
[Site "Lechenicher SchachServer"]
[Date "2012.12.09"]
[Round "?"]
[White "Boons, Lucien"]
[Black "Verich, Oleg"]
[Result "1/2-1/2"]
[WhiteElo "963"]
[BlackElo "1080"]
[PlyCount "140"]
[EventDate "2012.11.11"]

1. e4 e5 2. Nf3 Nc6 3. c3 d5 4. exd5 Qxd5 5. c4 Qe4+ 6. Qe2 Qxe2+ 7. Bxe2 f6 8.
O-O Bc5 9. Nc3 Nge7 10. d3 Nd4 11. Nxd4 exd4 12. Ne4 Bb6 13. a3 a5 14. Bd2 c5
15. Nd6+ Kf8 16. Nxc8 Rxc8 17. Bf3 Nc6 18. Bd5 Rc7 19. Rae1 Ne7 20. Bf3 Kf7 21.
Bf4 Rd7 22. Re2 g5 23. Bg3 h5 24. h3 Nf5 25. Bd5+ Kg7 26. Bh2 Bc7 27. Be6 Bxh2+
28. Kxh2 Re7 29. Rfe1 Nd6 30. Bd5 Rxe2 31. Rxe2 Re8 32. Rxe8 Nxe8 33. Bxb7 Nd6
34. Bd5 Kg6 35. g4 f5 36. gxf5+ Kxf5 37. Kg3 Ke5 38. Kf3 Ne8 39. Bf7 Ng7 40.
Bd5 Ne8 41. Kg3 Nf6 42. Bf7 h4+ 43. Kg2 Kf4 44. Be6 Ne8 45. Bd7 Nf6 46. Bc6 g4
47. hxg4 Nxg4 48. Be4 Ne5 49. b3 a4 50. bxa4 Nxc4 51. dxc4 Kxe4 52. a5 d3 53.
a6 d2 54. a7 d1=Q 55. a8=Q+ Kf4 56. Qf8+ Kg4 57. f3+ Kg5 58. Qxc5+ Kf6 59. Qf8+
Ke6 60. Qe8+ Kf6 61. Qh8+ Kf7 62. Qxh4 Qe2+ 63. Kg3 Qe1+ 64. Kg4 Qe6+ 65. Kg3
Qe1+ 66. Kh3 Qf1+ 67. Kg4 Qg1+ 68. Kh3 Qf1+ 69. Kg4 Qg1+ 70. Kh3 Qf1+ 1/2-1/2

[Event "8th Torneo Internacional de Nuevas Gene"]
[Site "?"]
[Date "2012.12.06"]
[Round "?"]
[White "Aledo Yanguas, Javier"]
[Black "Martin Perez, Pau"]
[Result "1/2-1/2"]
[WhiteElo "1653"]
[BlackElo "1549"]
[PlyCount "75"]
[EventDate "2012.??.??"]
[SourceTitle "OM OTB B 201907"]
[Source "Opening Master"]
[SourceDate "2019.07.06"]
[SourceVersion "2"]
[SourceVersionDate "2019.07.06"]
[SourceQuality "1"]

1. e4 e5 2. Nf3 Nc6 3. c3 Nf6 4. d4 exd4 5. e5 Nd5 6. cxd4 Bb4+ 7. Bd2 Bxd2+ 8.
Qxd2 d6 9. exd6 Qxd6 10. Nc3 Nxc3 11. bxc3 O-O 12. Be2 Bf5 13. O-O Rfe8 14.
Rfe1 Re7 15. Bd3 Bxd3 16. Rxe7 Qxe7 17. Qxd3 Re8 18. Qb5 Rb8 19. Re1 Qd6 20. h3
h6 21. Ne5 Nxe5 22. Rxe5 c6 23. Qb3 Qd7 24. a4 b6 25. Re4 Re8 26. Qc2 Rxe4 27.
Qxe4 Qd5 28. Qxd5 cxd5 29. Kf1 Kf8 30. Ke2 Ke7 31. Kd3 Kd6 32. g4 g5 33. Ke3 f6
34. f4 Kc6 35. fxg5 fxg5 36. Kd3 a6 37. Kc2 Kd6 38. Kb3 1/2-1/2

[Event "MVP-ch Seniors op 12th"]
[Site "Binz"]
[Date "2012.12.05"]
[Round "8"]
[White "Kirmas, Joachim"]
[Black "Schwanke, Gerhard"]
[Result "1-0"]
[WhiteElo "1899"]
[BlackElo "1710"]
[PlyCount "67"]
[EventDate "2012.11.28"]
[EventType "swiss"]
[EventRounds "9"]
[EventCountry "GER"]
[SourceTitle "EXT 2014"]
[Source "ChessBase"]
[SourceDate "2013.11.20"]
[SourceVersion "1"]
[SourceVersionDate "2013.11.20"]
[SourceQuality "1"]

1. e4 e5 2. Nf3 Nc6 3. c3 Nf6 4. d4 d6 5. Bc4 Be7 6. O-O O-O 7. Nbd2 Bg4 8. Qc2
Nh5 9. h3 Bd7 10. d5 Nb8 11. Re1 f5 12. Nf1 f4 13. Qe2 Qe8 14. N1h2 g5 15. Nxe5
Kg7 16. Nxd7 Nxd7 17. Nf3 Bf6 18. Nd4 Bxd4 19. cxd4 Qg6 20. Qf3 Rae8 21. Bd3
Qf7 22. Bd2 Nhf6 23. Bc3 Kg8 24. Rac1 Re7 25. Bb4 Nb6 26. b3 h5 27. a4 Qg7 28.
Bd2 Qh8 29. e5 g4 30. hxg4 hxg4 31. Qxf4 Nfxd5 32. Qxg4+ Rg7 33. Qe6+ Rff7 34.
Bh6 1-0

[Event "corr freechess"]
[Site "freechess.de"]
[Date "2012.12.04"]
[Round "?"]
[White "Kevekordes, Peter"]
[Black "Roedl, Josef"]
[Result "1/2-1/2"]
[WhiteElo "2199"]
[BlackElo "2269"]
[PlyCount "57"]
[EventDate "2012.??.??"]
[EventType "tourn (corr)"]
[SourceTitle "OM Corr 202003"]
[Source "Opening Master"]
[SourceDate "2019.05.30"]
[SourceVersion "2"]
[SourceVersionDate "2019.05.30"]
[SourceQuality "1"]

1. e4 e5 2. Nf3 Nc6 3. c3 d5 4. Qa4 f6 5. Bb5 Nge7 6. exd5 Qxd5 7. O-O e4 8. c4
Qd6 9. c5 Qxc5 10. d4 Qf5 11. Nh4 Qh5 12. Nc3 Bd7 13. Re1 O-O-O 14. Rxe4 f5 15.
Be2 Qf7 16. Re3 f4 17. Re4 g5 18. Nf3 Bf5 19. Nxg5 Qg6 20. Rxe7 Bxe7 21. d5
Bxg5 22. dxc6 Kb8 23. h4 Bh6 24. Bf3 Bg4 25. Nb5 a6 26. Qa5 Rc8 27. Bd5 Be6 28.
Bf3 Bg4 29. Bd5 1/2-1/2

[Event "FICGS__CHESS__WCH_STAGE_2_GROUP_03__000"]
[Site "FICGS"]
[Date "2012.12.03"]
[Round "1"]
[White "D'Ettorre, Rodolfo"]
[Black "Rudenko, Vitaly"]
[Result "0-1"]
[WhiteElo "2083"]
[BlackElo "2240"]
[PlyCount "28"]
[EventDate "2012.??.??"]
[SourceTitle "OM Corr 202003"]
[Source "Opening Master"]
[SourceDate "2019.05.30"]
[SourceVersion "2"]
[SourceVersionDate "2019.05.30"]
[SourceQuality "1"]

1. e4 e5 2. Nf3 Nc6 3. c3 Nf6 4. d4 d5 5. Bb5 exd4 6. e5 Ne4 7. Nxd4 Bd7 8.
Bxc6 bxc6 9. O-O Be7 10. f3 Nc5 11. Be3 O-O 12. Qc2 Qc8 13. Nd2 Nb7 14. Ne2 Bf5
0-1

[Event "Maresme op 9th"]
[Site "Maresme"]
[Date "2012.12.01"]
[Round "9"]
[White "Maynat Anglas, Josep"]
[Black "Sanchez Saez, Salvador"]
[Result "1-0"]
[WhiteElo "1833"]
[BlackElo "1740"]
[PlyCount "95"]
[EventDate "2012.09.29"]
[EventType "swiss"]
[EventRounds "9"]
[EventCountry "ESP"]
[SourceTitle "EXT 2014"]
[Source "ChessBase"]
[SourceDate "2013.11.20"]
[SourceVersion "1"]
[SourceVersionDate "2013.11.20"]
[SourceQuality "1"]

1. e4 e5 2. Nf3 Nc6 3. c3 Nf6 4. Qc2 Bc5 5. h3 d5 6. d3 Be6 7. Bg5 h6 8. Bh4 d4
9. Be2 dxc3 10. bxc3 Qd6 11. Nbd2 Nh5 12. O-O Nf4 13. Nb3 Bb6 14. Bg3 Nh5 15.
Bh2 Bd7 16. Nxe5 Nxe5 17. d4 Qg6 18. Bxh5 Qxh5 19. Bxe5 Qg6 20. Bg3 h5 21. Qd3
Bxh3 22. gxh3 h4 23. Qb5+ c6 24. Qf5 hxg3 25. Qxg6 gxf2+ 26. Rxf2 fxg6 27. Raf1
Rd8 28. Kg2 Rh4 29. e5 Re4 30. Rf8+ Kd7 31. R8f7+ Kc8 32. Rxg7 Re2+ 33. Rf2 Re3
34. Rc2 Rh8 35. Rxg6 Rexh3 36. Rg8+ Rxg8+ 37. Kxh3 Kd7 38. c4 Ke6 39. Rf2 Bd8
40. Nc5+ Ke7 41. Nxb7 Bb6 42. c5 Bc7 43. Rf6 Kd7 44. Rf7+ Kc8 45. Nd6+ Kd8 46.
e6 Bxd6 47. cxd6 a5 48. Ra7 1-0

[Event "MVP-ch Seniors op 12th"]
[Site "Binz"]
[Date "2012.12.01"]
[Round "4"]
[White "Kirmas, Joachim"]
[Black "Kreie, Guenther"]
[Result "1/2-1/2"]
[WhiteElo "1899"]
[BlackElo "1770"]
[PlyCount "60"]
[EventDate "2012.11.28"]
[EventType "swiss"]
[EventRounds "9"]
[EventCountry "GER"]
[SourceTitle "EXT 2014"]
[Source "ChessBase"]
[SourceDate "2013.11.20"]
[SourceVersion "1"]
[SourceVersionDate "2013.11.20"]
[SourceQuality "1"]

1. e4 e5 2. Nf3 Nc6 3. c3 Nf6 4. d4 Nxe4 5. d5 Nb8 6. Qe2 Nf6 7. Qxe5+ Qe7 8.
Bc4 Qxe5+ 9. Nxe5 d6 10. Nf3 Be7 11. O-O O-O 12. Re1 Bd8 13. b4 Nbd7 14. Bb3 a5
15. bxa5 Rxa5 16. Bd2 Nc5 17. Bc2 Ra8 18. c4 Bd7 19. Nc3 h6 20. a4 b6 21. Nb5
Ne8 22. Ra2 c6 23. dxc6 Bxc6 24. Nfd4 Bb7 25. Bf4 Bf6 26. Nf5 d5 27. cxd5 Bxd5
28. Ra3 Bc6 29. Nbd4 Bd7 30. Rb1 Bd8 1/2-1/2

[Event "MVP-ch Seniors op 12th"]
[Site "Binz"]
[Date "2012.11.29"]
[Round "2"]
[White "Koehler, Marianne"]
[Black "Borries, Barbara"]
[Result "1/2-1/2"]
[WhiteElo "1438"]
[BlackElo "1688"]
[PlyCount "61"]
[EventDate "2012.11.28"]
[EventType "swiss"]
[EventRounds "9"]
[EventCountry "GER"]
[SourceTitle "EXT 2014"]
[Source "ChessBase"]
[SourceDate "2013.11.20"]
[SourceVersion "1"]
[SourceVersionDate "2013.11.20"]
[SourceQuality "1"]

1. e4 e5 2. Nf3 Nc6 3. c3 d5 4. exd5 Qxd5 5. Qb3 Qxb3 6. axb3 Be6 7. Bc4 Bxc4
8. bxc4 Nf6 9. O-O Nd7 10. d3 g6 11. b4 Bg7 12. b5 Nd8 13. d4 O-O 14. dxe5 Nxe5
15. Nxe5 Bxe5 16. Be3 b6 17. Bd4 Bxd4 18. cxd4 c6 19. Nc3 cxb5 20. Nxb5 a5 21.
d5 Nb7 22. Rfe1 Rfe8 23. Kf1 Rxe1+ 24. Rxe1 Kf8 25. Na3 Nc5 26. Re3 h5 27. h4
Re8 28. Rxe8+ Kxe8 29. Ke2 Ke7 30. Ke3 f6 31. g3 1/2-1/2

[Event "Kemerovo Kuzbass-ch"]
[Site "Kemerovo"]
[Date "2012.11.28"]
[Round "8"]
[White "Kovalev, Alexander"]
[Black "Bakhmetov, Pavel"]
[Result "1-0"]
[WhiteElo "2153"]
[BlackElo "1935"]
[PlyCount "52"]
[EventDate "2012.11.23"]
[EventType "swiss"]
[EventRounds "9"]
[EventCountry "RUS"]
[SourceTitle "CBM 151 Extra"]
[Source "ChessBase"]
[SourceDate "2012.12.18"]
[SourceVersion "1"]
[SourceVersionDate "2012.12.18"]
[SourceQuality "1"]

1. e4 e5 2. Nf3 Nc6 3. c3 Nf6 4. d4 exd4 5. e5 Qe7 6. cxd4 d6 7. Bb5 Bd7 8. O-O
dxe5 9. Bxc6 bxc6 10. Nxe5 Be6 11. b3 Qd6 12. Ba3 Qd8 13. Nxc6 Qc8 14. Bxf8
Kxf8 15. Nc3 Qb7 16. Ne5 Rd8 17. Qf3 Qxf3 18. Nxf3 Bg4 19. Nb5 Bxf3 20. gxf3
Rd5 21. a4 Ne8 22. Rfe1 Rg5+ 23. Kf1 a6 24. Nc3 Rh5 25. Ne4 Rxh2 26. Nc5 a5 1-0

[Event "Fast Ladder"]
[Site "http://gameknot.com/chess.pl?"]
[Date "2012.11.27"]
[Round "?"]
[White "oregonchessguy"]
[Black "playerg5454"]
[Result "0-1"]
[WhiteElo "2153"]
[BlackElo "2277"]
[PlyCount "46"]
[EventDate "2012.??.??"]
[SourceTitle "OM Portal C 201906"]
[Source "Opening Master"]
[SourceDate "2019.06.27"]
[SourceVersion "1"]
[SourceVersionDate "2019.06.27"]
[SourceQuality "1"]

1. e4 e5 2. Nf3 Nc6 3. c3 Nf6 4. d4 Nxe4 5. d5 Ne7 6. Nxe5 Ng6 7. Qd4 Qf6 8.
Qxe4 Qxe5 9. Qxe5+ Nxe5 10. Nd2 d6 11. Nc4 Bf5 12. Be3 O-O-O 13. Bxa7 b6 14.
Nxe5 dxe5 15. Ba6+ Kd7 16. Bb7 Be7 17. a4 Ra8 18. Bxa8 Rxa8 19. Bxb6 cxb6 20.
Ke2 Be4 21. c4 Bxg2 22. Rhg1 Be4 23. Rg3 Bf5 0-1

[Event "hurnavich's mini-tournament III"]
[Site "http://gameknot.com/chess.pl?"]
[Date "2012.11.27"]
[Round "?"]
[White "hurnavich"]
[Black "ukip"]
[Result "1-0"]
[WhiteElo "2324"]
[BlackElo "2340"]
[PlyCount "67"]
[EventDate "2012.??.??"]
[SourceTitle "OM Portal C 201906"]
[Source "Opening Master"]
[SourceDate "2019.06.27"]
[SourceVersion "1"]
[SourceVersionDate "2019.06.27"]
[SourceQuality "1"]

1. e4 e5 2. Nf3 Nc6 3. c3 d5 4. Qa4 f6 5. d3 Be6 6. Be2 Qd7 7. O-O O-O-O 8. b4
a6 9. exd5 Bxd5 10. b5 axb5 11. Qxb5 Nb8 12. Qb2 g5 13. c4 Bc6 14. Nc3 g4 15.
Nd2 h5 16. Nb5 Bxb5 17. cxb5 Ne7 18. a4 Nd5 19. Ne4 f5 20. a5 fxe4 21. dxe4 Bc5
22. exd5 Bd4 23. Qa2 Bxa1 24. Qxa1 Qxd5 25. Be3 Rd6 26. a6 bxa6 27. bxa6 Nd7
28. Rd1 Qe6 29. Bd3 Kd8 30. a7 Ke7 31. Qb1 Kf6 32. Be4 Nb6 33. Rxd6 Qxd6 34.
Bxb6 1-0

[Event "RN-2012-0-00565"]
[Site "Lechenicher SchachServer"]
[Date "2012.11.24"]
[Round "?"]
[White "Smith, Harry"]
[Black "Ventura, Bob"]
[Result "0-1"]
[WhiteElo "701"]
[BlackElo "737"]
[PlyCount "88"]
[EventDate "2012.11.17"]

1. e4 e5 2. Nf3 Nc6 3. c3 Nf6 4. d3 h6 5. Be2 Bc5 6. O-O d5 7. d4 exd4 8. cxd4
Bb6 9. e5 Ne4 10. Nc3 Bf5 11. Be3 O-O 12. Nxe4 dxe4 13. Ne1 Nxd4 14. Bxd4 Bxd4
15. Nc2 Bxe5 16. Qxd8 Raxd8 17. Ne3 Bh7 18. Rab1 Bf6 19. a3 Rd2 20. Rfe1 Rxb2
21. Nd5 Rxb1 22. Nxf6+ gxf6 23. Rxb1 b6 24. a4 e3 25. Rf1 Re8 26. f3 Re5 27.
Rd1 Bc2 28. Rc1 Bxa4 29. Rxc7 a5 30. g4 b5 31. f4 Rd5 32. Re7 b4 33. Rxe3 Rd4
34. f5 b3 35. Re8+ Kg7 36. Rb8 Rd2 37. Kf1 b2 38. Ke1 Rc2 39. Kf2 Bc6 40. Ke3
a4 41. Bd3 Rxh2 42. Bb1 Rh1 43. Bc2 a3 44. Kf2 Rh2+ 0-1

[Event "SLO-chT"]
[Site "Ljubljana"]
[Date "2012.11.23"]
[Round "1"]
[White "Kavcic, Zan"]
[Black "Volf, Ziga"]
[Result "1/2-1/2"]
[WhiteElo "2269"]
[BlackElo "2230"]
[PlyCount "60"]
[EventDate "2012.11.23"]
[EventType "team-tourn"]
[EventRounds "9"]
[EventCountry "SLO"]
[SourceTitle "CBM 151 Extra"]
[Source "ChessBase"]
[SourceDate "2012.12.18"]
[SourceVersion "1"]
[SourceVersionDate "2012.12.18"]
[SourceQuality "1"]

1. e4 e5 2. Nf3 Nc6 3. c3 d5 4. Qa4 Bd7 5. exd5 Nd4 6. Qd1 Nxf3+ 7. Qxf3 Nf6 8.
Bc4 e4 9. Qe2 Bd6 10. d4 Qe7 11. Bg5 O-O-O 12. Nd2 Rhe8 13. O-O-O h6 14. Bh4
Bf4 15. Bxf6 Qxf6 16. g3 e3 17. gxf4 exd2+ 18. Qxd2 Re4 19. f3 Rxf4 20. Be2 Bh3
21. Rhg1 Rxd5 22. Rxg7 Rfxd4 23. Rg8+ Rd8 24. Rxd8+ Rxd8 25. Qxd8+ Qxd8 26.
Rxd8+ Kxd8 27. Kd2 Ke7 28. Ke3 Be6 29. a3 Kf6 30. Kf4 Bd5 1/2-1/2